000 04907cam a2200301 i 4500
003 SA-RiAUC
005 20250118153505.0
008 240905s1987 mr g b 00000 ara c
040 _aSA-RiAUC
_bara
_cSA-RiAUC
_dAE-DuMBRL
_erda
050 4 _b.J53 1987
082 0 4 _a258.2
_qSA-RiAUC
090 _a258.2
_bج ي د
100 1 _aالجيدي، عمر بن عبد الكريم.
_eمؤلف.
245 1 0 _aمحاضرات في تاريخ المذهب المالكي في الغرب الإسلامي /
_cالدكتور عمر الجيدي.
264 1 _aالرباط :
_bمنشورات عكاظ،
_c[1987]
264 3 _aالدار البيضاء [المغرب] :
_bمطبعة النجاح الجديدة
300 _a214 صفحة ؛
_c24 × 17 سم
336 _aنص
_btxt
_2rdacontent
_3كتاب
337 _aبدون وسيط
_bn
_2rdamedia
338 _aمجلد
_bnc
_2rdacarrier
504 _aببليوجرافية : صفحة 201-208.
520 _aيتناول الكتاب 12 محاضرة، والمقصود بالغرب الإسلامي (دول المغرب العربي في شمال إفريقيا، والأندلس) منذ حياة الإمام مالك-رحمه الله-حتى العصر الحاضر. المحاضرة الأولى : تحدث عن المذهب، لغة واصطلاحا، وهو لم يكن موجودا ولا معروفا بين المسلمين في عصر الأئمة، ثم تحدث عن تعدد المذاهب، وأنها أفهام وتفسيرات للنص، لا أنها قاعدة تامة لا تستبدل، وعدد المذاهب المنتشرة في ذلك الوقت، وأن ما بقي منها هو ما أحاطته عناية طلاب الأئمة بها، بعد فضل الله بها. ثم ذكر حياة الإمام مالك، والآفاق التي انتشر فيها موطأه، في حياته وبعد حياته، المحاضرة الثانية : تحدث فيها عن أسباب انتشار المذهب المالكي، المحاضرة الثالثة : محاربة المذهب المالكي في المغرب، على يد : الأغالبة، و فقهاء الأحناف، والعبيديين، والموحدين، المحاضرة الرابعة : أصول المذهب المالكي وقواعده، المحاضرة الخامسة : الأصول في المذهب المالكي، وذكر عناية المغاربة بالأصول، وأنهم مهتمون بها على خلاف القول الشائع بعدم اهتمامهم بها، وذكر عدة مؤلفات فيها، المحاضرة السادسة : الفتوى في المذهب المالكي، فقد عرف الفتوى، والأصل فيها، وشروط المفتي، إلى جانب المصنفات في هذا الفن، المحاضرة السابعة : ظهور علم التوثيق في المذهب المالكي، سار تقريبا على نفس نمط المحاضرة السادسة، المحاضرة الثامنة : أثر المختصرات الفقهية في المذهب المالكي، وإنها لم تكن الأصل، وقد شدد ابن العربي على المختصرات وذمها ودعا إلى المبسوطات، لأن المختصرات لا تنفع المنتهي ولا تفيد المبتدي، لتحولها إلى نصوص غامضة مع الزمن، المحاضرة التاسعة : القرائن في المذهب المالكي، وبين تعريف القرينة، واعتبار المذهب المالكي لها، وتقسيم القرائن بشكل موجز، المحاضرة العاشرة : أوائل المصنفات في المذهب المالكي (الموطأ) عرف بالكتاب وسبب التسمية ومنهجية الإمام مالك في وضعه، والروايات عنه، والشروح والعناية به، المحاضرة الحادية عشرة : تحدث عن المصنف الثاني في المذهب المالكي (المدونة) "مدونة سحنون" وتحدث عنها على نحو قريب من طريقته في الحديث عن الموطأ، المحاضرة الثانية عشرة : المصنف الثالث في المذهب المالكي "الرسالة" لأبي زيد القيرواني، وتحدث عنه بنفس الطريقة تقريبا التي تحدث فيها عما سبق من مصنفات. ثم فهرس المراجع القيمة والأصلية والمتصلة اتصالا مباشرا بمواضيع المحاضرات.
650 7 _aالفقه الإسلامي
_xمذاهب
_vمقالات ومحاضرات
_2aucsh
650 7 _aالفقه المالكي
_zالمغرب العربي
_xتاريخ
_vمقالات ومحاضرات
_2aucsh
650 7 _aالفقه المالكي
_xتاريخ
_vمقالات ومحاضرات
_2aucsh
942 _2ddc
_cBOOK
949 _aSA-JeALM
_d240905
_umohamedma123
_n1
999 _c61
_d61